| 000 | 01078nam a2200301 i 4500 | ||
|---|---|---|---|
| 001 | bg | ||
| 100 | 1 | _aMyszewski, Jan M. | |
| 245 | 1 | 0 |
_aPo prostu jakość : _bpodręcznik zarządzania jakością / _cJan M. Myszewski. |
| 260 |
_aWarszawa : _bWydawnictwa Akademickie i Profesjonalne. Grupa Kapitałowa WSiP : _bAkademia Leona Koźmińskiego, _c2009. |
||
| 300 |
_a307, [1] s. : _bil. ; _c24 cm. |
||
| 490 | 1 | _aKoźmiński - Przedsiębiorczość i Zarządzanie | |
| 504 | _aBibliogr. przy rozdz. Indeks. | ||
| 650 | 9 | _aZarządzanie jakością | |
| 655 | _aPodręczniki akademickie | ||
| 830 | 0 | _aPrzedsiębiorczość i Zarządzanie - Akademia Leona Koźmińskiego | |
| 015 | _aPB 11827/2009 | ||
| 020 | _a9788361408031 | ||
| 020 | _a9788389437914 | ||
| 040 | _cBPK | ||
| 041 | _apol | ||
| 044 | _aPOL | ||
| 080 | _a005.6(075.8) | ||
| 920 |
_a978-83-61408-03-1 (WAiP) : _czł 48 |
||
| 920 | _a978-83-89437-91-4 | ||
| 942 | _cKS | ||
| 008 | 090803s2009 pl a f f |001 0 pol | ||
| 999 |
_c56591 _d56591 |
||
| 856 |
_uhttp://koha.tu.koszalin.pl/cgi-bin/koha/opac-detail.pl?biblionumber=56591 _yKatalog online BPK |
||